000 00540nam a22001937a 4500
999 _c5797
_d5797
003 AR-CdUCM
008 190313b ||||| |||| 00| 0 spa d
040 _aMUNICIPALIDAD PROVINCIAL DEL CUSCO
_cBIBLIOTECA MUNICIPAL DEL CUSCO
082 _a869.56 /
_bV24
100 _aVallejo, Cesar
_913046
245 _aLos heraldos negros /
260 _aLima :
_bEdiciones Perú,
_c1959.
300 _a80 páginas ;
_c16 cm.
505 _aPoesía.
650 _aPoesía.
_9139
650 _aCesar Vallejo
_9978
942 _2ddc
_cLIBROS
945 _awfj